000 01807cam a2200445 i 4500
001 59633
003 CO-BoRNBP
005 20251024195435.0
007 ta
008 s2024 ck a br 000 pdspa
020 _a9789587535846
_q(impreso)
040 _aCO-BoBN
_bspa
_erda
_cCO-BoBN
041 0 _aspa
043 _as-ck---
082 0 4 _aCo861.008
_223
100 1 _aPombo, Rafael,
_d1833-1912,
_eautor
245 1 0 _aCon sabor a hogar :
_bpoesía colombiana para niñas y niños /
_cRafael Pombo [y otros once] ; selección, Beatriz Helena Robledo ; ilustraciones, Ana María Ardila
250 _aPrimera edición
264 1 _aBogotá :
_bMinisterio de las Culturas, las Artes y los Saberes de Colombia,
_c2024
300 _a48 páginas sin numerar :
_bilustraciones a color ;
_c24 cm
336 _aTexto
_btxt
_2rdacontent
337 _aSin mediación
_bn
_2rdamedia
338 _aVolumen
_bnc
_2rdacarrier
490 0 _aLeer es mi cuento ;
_vnúmero 58
500 _aIncluye datos biográficos de los autores
650 1 4 _aPoesía infantil colombiana
_vColecciones
_2LEMB
_91666
650 2 4 _aLibros ilustrados para niños
_2LEMB
_92001
700 1 _aJamioy, Hugo,
_d1971-,eautor
_966123
700 1 _aDíaz, Gloria Cecilia,
_d1951-,
_eautora
_946089
700 1 _aRuiz, Clarisa,
_d1959-,
_eautora
700 1 _aDelmar, Meira,
_d1922-2009,
_eautora
_959266
700 1 _aPeralta, María del Sol,
_d1977-,
_eautora
700 1 _aDíaz-Granados, José Luis,
_d1946-,
_eautor
_962959
700 1 _aCastillo, Eduardo,
_d1889-1938,
_eautor
_966124
700 1 _aRubens, Diana,
_d1910-1993,
_eautora
_966125
700 1 _aCaro, Víctor Eduardo,
_d1877-1944,
_eautor
_960703
700 1 _aRobledo, Beatriz Helena,
_ecompiladora
_914862
700 1 _aArdila, Ana María,
_eilustradora
_966126
942 _2ddc
_cBK
999 _c59633
_d59633